000 01545cam a22002054a 4500
005 20250605164234.0
008 250528s ||||||||||||||||||||||||d
035 _a21061
020 _a9781138818804
040 _aGR-AtMCL
_bgre
_dGR-AtMCL
_eAACR2
245 1 _aConstructing and Reconstructing Childhood / Contemporary Issues in the Sociological Study of Childhood
260 _bRouledge,
_c2015
300 _a234
520 _aA potent blend of ideas that informed, even inspired, many empirical studies of children's lives. Acknowledgements, Preface, Introduction, A New Paradigm for the Sociology of Childhood?: Provenance and Promise and Problems, Constructions and Reconstructions of British Childhood: An Interpretative Survey - 1800 to Present, Psychology and the Cultural Construction of Children's Needs, A Voice for Children in Statistical and Social Accounting: A Plea for Children's Right to be Heard, It's a Small World: Disneyland and the Family and the Multiple Re-Representation of American Childhood, Negotiating Childhood: Changing Constructions of Age for Norwegian Children, Street Children: Deconstructing a Construct, Who are you Kidding?: Children and Power and the Struggle Against Sexual Abuse, Childhood and the Policy Makers: A Comparative Perspective on the Globalization of Childhood, Re-presenting Childhood: Time and Transition in the Study of Childhood, Notes on Contributors, Index.
700 1 _aJames Allison
_97095
700 1 _aProut Alan
_97096
942 _cBK
999 _c6132
_d6132